000 00633nam a2200217 4500
001 3335
005 20181127171032.0
010 0 0 _a
020 0 0 _a9788184044744
090 0 0 _a174.4 B1712e 2010
100 0 0 _aBalachandran S.
245 0 0 _aEthics, Indian ethos and management /
_b
_cS. Balachandran, K C. R. Raja and B.K. Nair.
_h
250 0 0 _a2nd ed.
260 0 0 _aMumbai :
_bShroff publishers,
_c2010.
300 0 0 _a258 p.
500 0 0 _a
650 _aBusiness ethics --India.
_v
_x
_y
_z
_2
650 0 0 _aBusiness ethics.
_x
700 _aNair, B. K.
_b
_c
_d
_e
_k
_l
_m
_n
_o
_p
_q
_r
_s
_t
700 _aRaja, K. C. R.
_b
_c
_d
_e
_k
_l
_m
_n
_o
_p
_q
_r
_s
_t
999 _c2697
_d2697